[Event "World Rapid Women 2022"]
[Site "Almaty KAZ"]
[Date "2022.12.27"]
[Round "6.21"]
[White "Maltsevskaya, Aleksandra"]
[Black "Munkhzul, Turmunkh"]
[Result "0-1"]
[WhiteTitle "IM"]
[BlackTitle "WIM"]
[WhiteElo "2400"]
[BlackElo "2318"]
[WhiteFideId "24174041"]
[BlackFideId "4901878"]
[EventDate "2022.12.26"]

1. e4 c5 2. Nf3 d6 3. d4 cxd4 4. Nxd4 Nf6 5. Nc3 a6 6. g3 e5 7. Nb3 Be7 8. Bg2
O-O 9. O-O Be6 10. Re1 Nbd7 11. a4 Rc8 12. Nd2 Nb6 13. a5 Nc4 14. Nxc4 Rxc4 15.
Be3 Qd7 16. Nd5 Nxd5 17. exd5 Bf5 18. c3 h6 19. Qb3 Rcc8 20. Ra4 Bg5 21. Rb4
Bxe3 22. Rxe3 Rc7 23. Rb6 Rd8 24. Qb4 Bc2 25. Bf1 Kh7 26. c4 Bg6 27. Rb3 Bc2 28.
Rc3 Bg6 29. h4 Qe7 30. Re3 Qd7 31. h5 Bxh5 32. Bd3+ f5 33. Bc2 Bg6 34. Rb3 f4
35. Bxg6+ Kxg6 36. c5 Qg4 37. Qe4+ Qf5 38. Qxf5+ Kxf5 39. c6 bxc6 40. Rxc6 Rxc6
41. dxc6 Rc8 42. Rb6 fxg3 43. fxg3 Ke4 44. Rxa6 Kd5 45. b4 Rxc6 46. Ra7 Rc1+ 47.
Kg2 Rb1 48. Rb7 Rb2+ 49. Kh3 e4 50. g4 Kd4 51. a6 e3 52. Kg3 Kd3 53. b5 e2 54.
Kf2 Rb1 55. Re7 Rxb5 56. Rxe2 Ra5 57. Re7 Rxa6 58. Rxg7 d5 59. g5 hxg5 60. Rxg5
d4 61. Rg4 Re6 62. Kf1 Kc3 63. Rg2 d3 64. Rg5 Rf6+ 65. Ke1 d2+ 0-1

[Event "World Rapid Women 2022"]
[Site "Almaty KAZ"]
[Date "2022.12.27"]
[Round "6.22"]
[White "Petrova, Irina"]
[Black "Lagno, Kateryna"]
[Result "1/2-1/2"]
[WhiteTitle "WIM"]
[BlackTitle "GM"]
[WhiteElo "2123"]
[BlackElo "2563"]
[WhiteFideId "14124122"]
[BlackFideId "14109336"]
[EventDate "2022.12.26"]

1. e4 e5 2. Nf3 Nc6 3. Bb5 a6 4. Ba4 Nf6 5. d3 b5 6. Bb3 Bc5 7. Nc3 d6 8. Nd5 h6
9. c3 Be6 10. O-O Bxd5 11. exd5 Ne7 12. c4 O-O 13. cxb5 axb5 14. d4 exd4 15.
Nxd4 Qd7 16. Qd3 b4 17. Nc6 Rfe8 18. Bd2 Ng6 19. Rae1 Rxe1 20. Rxe1 Ng4 21. Rf1
Re8 22. h3 N4e5 23. Qg3 Nxc6 24. dxc6 Qf5 25. Be3 Re5 26. Bxc5 Rxc5 27. Re1 Re5
28. Rxe5 Nxe5 29. Qh4 Nxc6 30. Qc4 Na5 31. Qxb4 Nxb3 32. Qxb3 d5 33. a4 d4 34.
Qd1 d3 35. a5 Qb5 36. Qd2 c5 37. f3 c4 38. Kf2 Qc5+ 39. Kf1 h5 40. Qe1 g6 41.
Qd2 Qd4 42. Qc3 Qd5 43. Qd2 Qb5 44. Kf2 Kf8 45. Kf1 Qc5 46. Qc3 Ke7 47. b3 d2
48. Qxd2 cxb3 49. Qe2+ Kd6 50. Qd3+ Qd5 51. Qa6+ Ke5 52. Qe2+ Kd4 53. a6 Kc3 54.
Qe3+ Kc2 55. Qe2+ Kc3 56. Qe3+ Kb4 57. Qb6+ Kc3 58. Qe3+ Kc2 59. Qe2+ Qd2 60.
Qc4+ Qc3 61. Qxc3+ Kxc3 62. a7 b2 63. a8=Q b1=Q+ 64. Kf2 Qb6+ 65. Kf1 Qb5+ 66.
Kf2 Qc5+ 67. Kf1 Qc4+ 68. Kg1 Qd4+ 69. Kh2 1/2-1/2

[Event "World Rapid Women 2022"]
[Site "Almaty KAZ"]
[Date "2022.12.27"]
[Round "6.23"]
[White "Badelka, Olga"]
[Black "Osmak, Yuliia"]
[Result "1-0"]
[WhiteTitle "IM"]
[BlackTitle "IM"]
[WhiteElo "2416"]
[BlackElo "2451"]
[WhiteFideId "13509926"]
[BlackFideId "14101602"]
[EventDate "2022.12.26"]

1. Nf3 d5 2. g3 Nd7 3. d4 Nb6 4. Bg2 Nf6 5. O-O Bf5 6. c3 e6 7. Nbd2 Be7 8. Nh4
Bg4 9. h3 Bh5 10. Qe1 Nfd7 11. Nhf3 O-O 12. e4 f5 13. exd5 exd5 14. Nb3 Bd6 15.
Bg5 Qe8 16. Qc1 f4 17. Re1 Qf7 18. g4 Bg6 19. Ne5 Bxe5 20. dxe5 Rae8 21. e6 Rxe6
22. Rxe6 Qxe6 23. Bxf4 Be4 24. Nd4 Qf6 25. Bg3 Bxg2 26. Kxg2 c5 27. Nf5 g6 28.
Nh6+ Kg7 29. g5 Qf3+ 30. Kg1 Nc4 31. Qe1 Qe4 32. Qxe4 dxe4 33. Rd1 Nde5 34. b3
Nf3+ 35. Kg2 Nxg5 36. Ng4 Nb6 37. a4 Nf3 38. a5 Nc8 39. Ne5 Nxe5 40. Bxe5+ Kg8
41. Rd7 Rf7 42. Rd5 b6 43. a6 h5 44. c4 Rf8 45. Bb2 Rf7 46. h4 Rf5 47. Rd1 Rf7
48. Be5 Rf5 49. Bb8 Rf8 50. Rd5 Rf5 51. Rd1 Rf8 52. Be5 Rf5 53. Bb2 Rf8 54. Bc1
Rf7 55. Bg5 Ne7 56. Rd6 Kg7 57. Re6 Nf5 58. Rxe4 Rd7 59. Re8 Nd4 60. Rb8 Kf7 61.
Bf4 Nxb3 62. Rb7 Ke6 63. Bb8 Na5 64. Rxa7 Rxa7 65. Bxa7 Nxc4 66. Bb8 b5 67. Bc7
Kd7 68. a7 Kxc7 69. a8=Q Nb6 70. Qf8 Nd7 71. Qf4+ Kc6 72. Qe4+ Kc7 73. Qxg6 b4
74. Qe6 Nb6 75. f4 c4 76. Qe7+ Kc6 77. Qxb4 1-0

[Event "World Rapid Women 2022"]
[Site "Almaty KAZ"]
[Date "2022.12.27"]
[Round "6.24"]
[White "Fataliyeva, Ulviyya"]
[Black "Ovod, Evgenija"]
[Result "1-0"]
[WhiteTitle "IM"]
[BlackTitle "IM"]
[WhiteElo "2428"]
[BlackElo "2323"]
[WhiteFideId "13403052"]
[BlackFideId "4131827"]
[EventDate "2022.12.26"]

1. d4 d5 2. Bf4 Nf6 3. Nc3 a6 4. e3 b5 5. Nf3 e6 6. Be2 Bb7 7. a4 b4 8. Nb1 c5
9. dxc5 Bxc5 10. Nbd2 Nc6 11. c4 bxc3 12. bxc3 O-O 13. Rb1 Na5 14. Ne5 Nd7 15.
Bd3 Nxe5 16. Bxe5 f6 17. Bd4 Qc7 18. Qh5 g6 19. Qh3 e5 20. Bxc5 Qxc5 21. c4 Bc8
22. Qh4 Be6 23. cxd5 Bxd5 24. O-O Qc3 25. Be4 Rad8 26. Bxd5+ Rxd5 27. Ne4 Qc6
28. Rfc1 Qe6 29. Rc7 Rf7 30. Rxf7 Qxf7 31. Nxf6+ Kg7 32. Nxd5 Qxd5 33. Qe7+ Kh6
34. Qf8+ Kg5 35. h4+ Kxh4 36. Qh6+ Kg4 37. f3+ 1-0

[Event "World Rapid Women 2022"]
[Site "Almaty KAZ"]
[Date "2022.12.27"]
[Round "6.25"]
[White "Padmini, Rout"]
[Black "Kurmangaliyeva, Liya"]
[Result "1/2-1/2"]
[WhiteTitle "IM"]
[BlackTitle "FM"]
[WhiteElo "2389"]
[BlackElo "2287"]
[WhiteFideId "5029295"]
[BlackFideId "13725831"]
[EventDate "2022.12.26"]

1. e4 c5 2. Nf3 Nc6 3. d4 cxd4 4. Nxd4 Nf6 5. Nc3 d6 6. Be2 e5 7. Nb3 Be7 8. Be3
Be6 9. Bf3 a5 10. Nd5 Bxd5 11. exd5 Nb4 12. c4 O-O 13. a3 Na6 14. O-O Nd7 15.
Be2 a4 16. Nd2 Nac5 17. b4 axb3 18. Nxb3 Qc7 19. f3 Na4 20. Qd2 Nac5 21. Rfb1 f5
22. Nxc5 Nxc5 23. Qb4 Ra7 24. Qb6 Qxb6 25. Rxb6 Rfa8 26. g3 Nd7 27. Rb3 b6 28.
g4 fxg4 29. fxg4 Bd8 30. Bd3 g6 31. Bc2 Rc8 32. Rb4 Nc5 33. Bxc5 Rxc5 34. a4 Rf7
35. Rf1 Rxf1+ 36. Kxf1 Kf7 37. Ke2 Kf6 38. h4 Kg7 39. h5 Kf6 40. hxg6 hxg6 41.
Bd3 Ra5 42. Bc2 Rc5 43. Bd3 Ra5 1/2-1/2

[Event "World Rapid Women 2022"]
[Site "Almaty KAZ"]
[Date "2022.12.27"]
[Round "6.26"]
[White "Yao, Lan"]
[Black "Serikbay, Assel"]
[Result "0-1"]
[WhiteTitle "WIM"]
[BlackTitle "WIM"]
[WhiteElo "2271"]
[BlackElo "2230"]
[WhiteFideId "8610835"]
[BlackFideId "13706799"]
[EventDate "2022.12.26"]

1. e4 c5 2. Nf3 d6 3. d4 cxd4 4. Nxd4 Nf6 5. Nc3 a6 6. Bg5 e6 7. f4 h6 8. Bh4
Be7 9. Qf3 Nc6 10. O-O-O Nxd4 11. Rxd4 Qc7 12. Qg3 Nh5 13. Qg4 Bxh4 14. Qxh4 Nf6
15. Rd3 b5 16. g4 Bb7 17. Bg2 b4 18. g5 Nd7 19. Ne2 Rc8 20. Rd2 Nc5 21. g6 Bxe4
22. gxf7+ Kxf7 23. Qh5+ g6 24. Qh3 Nd3+ 25. Kb1 Nf2 26. Qe3 Bxc2+ 27. Ka1 Nxh1
28. Bxh1 Bf5 29. Rd1 Qc5 30. Nd4 Rhe8 31. Qd2 Bg4 32. Re1 Kg7 33. Nb3 Qb6 34.
Be4 Bf5 35. Qg2 d5 36. Bb1 a5 37. Rg1 a4 38. Nd4 Qxd4 39. Bxf5 g5 40. fxg5 exf5
41. gxh6+ Kh8 42. Qg6 Rg8 0-1

[Event "World Rapid Women 2022"]
[Site "Almaty KAZ"]
[Date "2022.12.27"]
[Round "6.27"]
[White "Mkrtchyan, Mariam"]
[Black "Shukhman, Anna"]
[Result "1-0"]
[WhiteTitle "WIM"]
[BlackTitle "WFM"]
[WhiteElo "2364"]
[BlackElo "2161"]
[WhiteFideId "13310828"]
[BlackFideId "54180058"]
[EventDate "2022.12.26"]

1. d4 f5 2. c4 Nf6 3. g3 g6 4. Bg2 Bg7 5. Nf3 O-O 6. O-O d6 7. Nc3 c6 8. Qc2 Qc7
9. e4 fxe4 10. Nxe4 Nxe4 11. Qxe4 Bf5 12. Qe3 c5 13. d5 Nd7 14. h3 Nb6 15. Qe2
Rae8 16. Ng5 e6 17. Nxe6 Qc8 18. Bf4 Bxe6 19. dxe6 Rxe6 20. Qc2 Kh8 21. Rad1 Bd4
22. b3 Qe8 23. Rxd4 cxd4 24. Qd2 Qf7 25. Qxd4+ Qg7 26. Qd2 Rfe8 27. Be3 Rxe3 28.
fxe3 Qe5 29. Kh2 Nd7 30. Bxb7 Nc5 31. Bg2 Qxe3 32. Qxd6 Kg7 33. Qf6+ Kh6 34. Rf4
Re5 35. Rh4+ 1-0

[Event "World Rapid Women 2022"]
[Site "Almaty KAZ"]
[Date "2022.12.27"]
[Round "6.28"]
[White "Charochkina, Daria"]
[Black "Tereladze, Sopio"]
[Result "0-1"]
[WhiteTitle "IM"]
[BlackTitle "WIM"]
[WhiteElo "2344"]
[BlackElo "2215"]
[WhiteFideId "4180917"]
[BlackFideId "13600486"]
[EventDate "2022.12.26"]

1. d4 Nf6 2. Nc3 d5 3. Bf4 Bf5 4. f3 e6 5. g4 Bg6 6. h4 h5 7. g5 Ng8 8. e3 Bd6
9. Nh3 a6 10. Bd3 Ne7 11. Bxd6 Qxd6 12. Nf4 Bxd3 13. Qxd3 g6 14. O-O-O Nbc6 15.
Nce2 O-O-O 16. Kb1 e5 17. dxe5 Nxe5 18. Qb3 Qc5 19. Nd4 Rhe8 20. Nd3 Qd6 21.
Nxe5 Qxe5 22. f4 Qe4 23. Qc3 Nf5 24. Nxf5 Qxf5 25. Rd3 Kb8 26. Rhd1 Qg4 27. Qe1
Qf3 28. Qd2 c6 29. a3 Re4 30. Qc3 Rd7 31. Qc5 Qg4 32. Rh1 Qe6 33. Rb3 Qe7 34.
Qb6 Ka8 35. Rd1 Qd8 36. Qxd8+ Rxd8 37. Rf1 Rde8 38. Rf3 Kb8 39. Kc1 Kc7 40. Kd2
b5 41. Rb4 Kd6 42. Rxe4 Rxe4 43. c3 Ke6 44. Rg3 Kf5 45. Rg2 c5 46. b4 d4 47.
bxc5 dxe3+ 48. Ke2 Kxf4 49. Rg1 Rc4 50. Rf1+ Kg4 51. Rxf7 Kxh4 52. Rc7 Rxc3 53.
Rc8 Kxg5 54. c6 Rxa3 55. Ra8 Rc3 56. Rxa6 Kg4 57. Rb6 g5 58. Rxb5 Rxc6 59. Kxe3
Rf6 60. Rb1 h4 61. Rg1+ Kh5 62. Ke4 g4 63. Ke5 Rf2 0-1

[Event "World Rapid Women 2022"]
[Site "Almaty KAZ"]
[Date "2022.12.27"]
[Round "6.29"]
[White "Beydullayeva, Govhar"]
[Black "Nurgaliyeva, Zarina"]
[Result "1-0"]
[WhiteTitle "WGM"]
[BlackTitle "WFM"]
[WhiteElo "2387"]
[BlackElo "2013"]
[WhiteFideId "13413015"]
[BlackFideId "13730096"]
[EventDate "2022.12.26"]

1. d4 Nf6 2. c4 e6 3. Nf3 d5 4. Nc3 dxc4 5. e4 b5 6. e5 Nd5 7. Nxb5 Nb6 8. Be2
Be7 9. O-O O-O 10. Qd2 Ba6 11. Nc3 Nc6 12. Qf4 Nb4 13. Qg4 Kh8 14. Bg5 Nd3 15.
b3 Qd7 16. Rfd1 f6 17. exf6 gxf6 18. Be3 Bb4 19. Bd2 Bxc3 20. Bxc3 Nd5 21. Bd2
c3 22. Bh6 Rg8 23. Qe4 f5 24. Qh4 Rg4 25. Ne5 Rxh4 26. Nxd7 c2 27. Rxd3 Bxd3 28.
Bxd3 Rxh6 29. Bxc2 Rh4 30. Rd1 Nc3 31. Rd3 Rxd4 32. Rxc3 Rxd7 33. g3 Kg7 34. b4
Kf6 35. Bb3 Rb8 36. Rc6 Rb6 37. Rc4 Rbd6 38. Rc5 Rd4 39. Rc6 R4d6 40. Rc5 h5 41.
h4 Ke7 42. Ba4 c6 43. Bxc6 Rc7 44. b5 Rd2 45. a4 Kd6 46. Rc4 e5 47. Rc3 Rd4 48.
a5 Ra4 49. a6 Ra2 50. Rf3 Ke6 51. Rd3 Rb2 52. Rd8 Kf6 53. Rh8 f4 54. gxf4 exf4
55. Rxh5 Re7 56. Bf3 Rb3 57. Bc6 f3 58. Rh6+ Kg7 59. Rh5 Re2 60. Rf5 Rb1+ 61.
Kh2 Rxf2+ 62. Kg3 Rg2+ 63. Kxf3 Rgb2 64. Rd5 Rf1+ 65. Ke3 Rf7 66. h5 Kh6 67. Ke4
Re2+ 68. Kd3 Rh2 69. Kc4 Rc2+ 70. Kb3 Rc1 71. Bb7 Rcc7 72. Bc6 Rce7 73. Kb4 Rf4+
74. Kc5 Rf1 75. Bb7 Rff7 76. Bc6 Rf1 77. b6 Rc1+ 78. Kd6 Rf7 79. b7 Rf6+ 80. Kd7
Rf8 81. Kc7 Rf7+ 82. Rd7 Rf6 83. Rd6 1-0

[Event "World Rapid Women 2022"]
[Site "Almaty KAZ"]
[Date "2022.12.27"]
[Round "6.30"]
[White "Assaubayeva, Bibisara"]
[Black "Nurmanova, Alua"]
[Result "1-0"]
[WhiteTitle "IM"]
[BlackTitle "WIM"]
[WhiteElo "2440"]
[BlackElo "2191"]
[WhiteFideId "13708694"]
[BlackFideId "13729390"]
[EventDate "2022.12.26"]

1. d4 Nf6 2. c4 g6 3. Nc3 Bg7 4. e4 d6 5. Be2 O-O 6. h4 a6 7. h5 c5 8. hxg6 fxg6
9. dxc5 dxc5 10. Qxd8 Rxd8 11. Be3 Nfd7 12. Nd5 Nc6 13. O-O-O Rb8 14. Bg4 Kf7
15. Nf3 h6 16. Bxh6 Bxh6+ 17. Rxh6 Nf8 18. Bxc8 Rbxc8 19. Rdh1 e6 20. Ng5+ Ke8
21. Nf4 Nd4 22. Nxg6 Nxg6 23. Rxg6 Kd7 24. Rh7+ Kc6 25. Nxe6 Ne2+ 26. Kc2 Rd6
27. e5 1-0

[Event "World Rapid Women 2022"]
[Site "Almaty KAZ"]
[Date "2022.12.27"]
[Round "6.31"]
[White "Nasybullina, Alfia"]
[Black "Gaponenko, Inna"]
[Result "1-0"]
[WhiteTitle "WIM"]
[BlackTitle "IM"]
[WhiteElo "2027"]
[BlackElo "2341"]
[WhiteFideId "4132416"]
[BlackFideId "14101181"]
[EventDate "2022.12.26"]

1. Nf3 Nf6 2. g3 g6 3. Bg2 Bg7 4. O-O O-O 5. d3 d6 6. e4 e5 7. h3 Nc6 8. g4 Kh8
9. Nbd2 Ng8 10. Nc4 f5 11. exf5 gxf5 12. gxf5 Bxf5 13. Ne3 Be6 14. Ng4 Nf6 15.
Ng5 Bg8 16. Nxf6 Qxf6 17. Kh1 Nd4 18. f4 Nf5 19. Qg4 Qg6 20. Kh2 d5 21. Nf3 exf4
22. Qxg6 hxg6 23. Bxf4 c6 24. c3 Rae8 25. Rae1 Kh7 26. Be5 Bh6 27. d4 Ne3 28.
Rf2 Nxg2 29. Kxg2 1-0

[Event "World Rapid Women 2022"]
[Site "Almaty KAZ"]
[Date "2022.12.27"]
[Round "6.32"]
[White "Injac, Teodora"]
[Black "Borisova, Ekaterina"]
[Result "1-0"]
[WhiteTitle "WGM"]
[BlackTitle "FM"]
[WhiteElo "2365"]
[BlackElo "2223"]
[WhiteFideId "932400"]
[BlackFideId "34124184"]
[EventDate "2022.12.26"]

1. Nf3 Nf6 2. c4 g6 3. d4 Bg7 4. g3 O-O 5. Bg2 d5 6. cxd5 Nxd5 7. O-O Nc6 8. e4
Nb6 9. d5 Na5 10. Qe1 Nac4 11. Nc3 e6 12. Bg5 f6 13. Bc1 e5 14. Qe2 Bg4 15. h3
Bd7 16. b3 Nd6 17. a4 a5 18. Ba3 Nbc8 19. Rac1 Ne7 20. Nd2 f5 21. Nc4 Ra6 22. f4
exf4 23. e5 f3 24. Bxf3 Nxc4 25. bxc4 f4 26. g4 Re8 27. e6 Bxe6 28. dxe6 Bxc3
29. Rfd1 Bd4+ 30. Kh1 Nc6 31. e7 Nxe7 32. Bxe7 Qxe7 33. Qxe7 Rxe7 34. Rxd4 Re3
35. Rxf4 Rb6 36. Bd5+ Kg7 37. g5 h5 38. Rf7+ Kh8 39. Rcf1 1-0

[Event "World Rapid Women 2022"]
[Site "Almaty KAZ"]
[Date "2022.12.27"]
[Round "6.33"]
[White "Nurgali, Nazerke"]
[Black "Tokhirjonova, Gulrukhbegim"]
[Result "1/2-1/2"]
[WhiteTitle "WIM"]
[BlackTitle "WGM"]
[WhiteElo "2168"]
[BlackElo "2328"]
[WhiteFideId "13711261"]
[BlackFideId "14203626"]
[EventDate "2022.12.26"]

1. d4 Nf6 2. Nf3 g6 3. c4 Bg7 4. Nc3 d5 5. e3 O-O 6. cxd5 Nxd5 7. Bc4 Nb6 8. Be2
N8d7 9. O-O e5 10. Qc2 exd4 11. Nxd4 c6 12. Rd1 Re8 13. a4 a5 14. b3 Qh4 15. Bb2
Ne5 16. g3 Qh3 17. Bf1 Qh5 18. Bg2 Bg4 19. Rd2 c5 20. Nde2 Nf3+ 21. Bxf3 Bxf3
22. Nf4 Qg5 23. Nb5 Be4 24. Qc1 Bxb2 25. Qxb2 Red8 26. Nc3 Bf3 27. Rxd8+ Rxd8
28. Qc2 Qe5 29. Rc1 c4 30. bxc4 Rc8 31. Nd3 Qf5 32. c5 Nd7 33. Ne1 Qxc2 34. Rxc2
Bg4 35. f3 Be6 36. Ne4 Bf5 37. Nd3 Kf8 38. Kf2 Rc6 39. Ke2 Bxe4 40. fxe4 b6 41.
Kd2 bxc5 42. Kc3 Ke7 43. Nf4 Nb6 44. Nd5+ Nxd5+ 45. exd5 Rb6 46. Rf2 f5 47. e4
fxe4 48. Kc4 e3 49. Rf3 Rb4+ 50. Kxc5 Re4 51. d6+ Ke6 52. Rf1 Rxa4 53. Re1 Re4
54. Kc6 Rc4+ 55. Kb5 Re4 56. Kc6 Rc4+ 57. Kb5 Rc3 58. Kxa5 Kxd6 59. Kb4 Rc2 60.
Rxe3 Rxh2 61. Kc4 Rd2 62. Kc3 Rd5 63. Re4 Re5 64. Rh4 h5 65. Kd4 Rg5 66. Rh3
Rg4+ 67. Ke3 Ke5 68. Kf3 Ra4 69. Rh1 Ra3+ 70. Kg2 Kf5 71. Rf1+ Kg5 72. Rf4 Rd3
73. Rc4 Rd5 74. Kf3 Kh6 75. Rc6 Rd3+ 76. Kf4 Rd4+ 77. Kf3 h4 78. gxh4 Rxh4 79.
Kg3 Ra4 80. Rc5 Rd4 81. Ra5 Rd1 82. Kg2 Rd3 83. Rb5 g5 84. Rc5 Kh5 85. Rc4 Ra3
86. Rb4 Rc3 87. Ra4 Rb3 88. Rc4 Rb6 89. Ra4 Kg6 90. Ra5 Kf6 91. Rc5 Rb1 92. Ra5
Re1 93. Kg3 Rg1+ 94. Kf2 Rb1 95. Kg3 Kg6 96. Rc5 Kh5 97. Rc4 Rg1+ 98. Kf2 Rh1
99. Kg2 Ra1 100. Rb4 Kg6 101. Rb5 Kh5 102. Rb4 Ra5 103. Rc4 Kg6 104. Kg3 Kf5
105. Rc3 Re5 106. Rf3+ Kg6 107. Ra3 Re1 108. Kf2 Rd1 109. Kg2 Rd4 110. Kg3 Kh5
111. Rb3 Rg4+ 112. Kh3 Rg1 113. Kh2 Rd1 114. Kg3 Rd5 115. Ra3 Rd4 116. Rb3 Rh4
117. Ra3 Rh1 118. Kg2 Rc1 119. Kg3 Rg1+ 120. Kh2 Rg4 121. Kh3 Rg1 122. Kh2 Rg4
123. Kh3 Rh4+ 124. Kg3 Rg4+ 125. Kh3 Rh4+ 126. Kg3 1/2-1/2

[Event "World Rapid Women 2022"]
[Site "Almaty KAZ"]
[Date "2022.12.27"]
[Round "6.34"]
[White "Omonova, Umida"]
[Black "Gvetadze, Sofio"]
[Result "1-0"]
[WhiteTitle "WFM"]
[BlackTitle "IM"]
[WhiteElo "2052"]
[BlackElo "2298"]
[WhiteFideId "14210363"]
[BlackFideId "13601440"]
[EventDate "2022.12.26"]

1. e4 c5 2. Nf3 g6 3. d4 cxd4 4. Nxd4 Bg7 5. c4 Nc6 6. Be3 Nf6 7. Nc3 d6 8. Be2
O-O 9. O-O Bd7 10. Nc2 Rc8 11. f3 Qa5 12. Na3 Be6 13. Qd2 Rfe8 14. Rac1 Ne5 15.
Nd5 Qxd2 16. Bxd2 Bxd5 17. cxd5 h6 18. Be3 a6 19. h3 g5 20. g3 Ned7 21. Kg2 Nh7
22. Rxc8 Rxc8 23. Rc1 Rxc1 24. Bxc1 Nc5 25. Nc4 b5 26. Na5 Na4 27. Nc6 Kf8 28.
Nb8 a5 29. Bxb5 Nxb2 30. Nd7+ Kg8 31. Bd2 a4 32. Nb6 a3 33. Bb4 Nd1 34. Nc4 f5
35. e5 dxe5 36. Bxe7 Kf7 37. Bxa3 e4 38. fxe4 Nc3 39. Nd6+ Kg8 40. exf5 Nf6 41.
Bc4 g4 42. Nb5 Nd1 43. d6+ Kh7 44. Bc5 Ne4 45. Bb6 h5 46. hxg4 hxg4 47. Be2 Nb2
48. d7 Bf6 49. d8=Q Bxd8 50. Bxd8 Na4 51. Bxg4 Nac5 52. Bf3 Nd2 53. f6 Nd3 54.
Bh5 Ne4 55. f7 Kg7 56. Be7 Ne1+ 57. Kh2 Nf3+ 58. Bxf3 Kxf7 59. Bxe4 Kxe7 60. a4 1-0

[Event "World Rapid Women 2022"]
[Site "Almaty KAZ"]
[Date "2022.12.27"]
[Round "6.35"]
[White "Balabayeva, Xeniya"]
[Black "Schulze, Lara"]
[Result "0-1"]
[WhiteTitle "WIM"]
[BlackTitle "FM"]
[WhiteElo "2183"]
[BlackElo "2284"]
[WhiteFideId "13719688"]
[BlackFideId "12956830"]
[EventDate "2022.12.26"]

1. e4 c5 2. Nf3 Nc6 3. Bb5 g6 4. O-O Bg7 5. c3 e5 6. d3 Nge7 7. Re1 O-O 8. a4 d6
9. Nbd2 h6 10. Nf1 f5 11. exf5 Nxf5 12. h3 Kh7 13. Bd2 a6 14. Bc4 d5 15. Ba2 Qd6
16. N1h2 Bd7 17. Qc2 b5 18. Re2 c4 19. Ne1 Rac8 20. Rd1 Ncd4 21. cxd4 Nxd4 22.
Bb4 Qxb4 23. Qd2 Nxe2+ 24. Qxe2 Bf5 25. axb5 axb5 26. dxc4 dxc4 27. g4 Be6 28.
Bb1 Rcd8 29. Rxd8 Rxd8 30. Nhf3 Qc5 31. Ng2 Rf8 32. Ne3 Bd5 33. Nxd5 Qxd5 34.
Be4 Qd6 35. Nh4 Rf6 36. Qc2 Bf8 37. Kf1 Qb6 38. Nf3 Bc5 39. Qd2 Qd6 40. Qe2 Kg7
41. Kg2 Bd4 42. Qc2 Qc5 43. Qe2 b4 44. Bb1 c3 45. bxc3 bxc3 46. Bc2 Rb6 47. Qe4
Bxf2 48. Nxe5 Bh4 49. Nd7 Qf2+ 50. Kh1 Ra6 51. Qe5+ Kh7 52. Qb8 Ra1+ 53. Bb1
Qf1+ 54. Kh2 Qf2+ 55. Kh1 Rxb1+ 56. Qxb1 c2 57. Qa1 Qe1+ 0-1

[Event "World Rapid Women 2022"]
[Site "Almaty KAZ"]
[Date "2022.12.27"]
[Round "6.36"]
[White "Nomindalai, Tumurbaatar"]
[Black "Lhotska, Anna"]
[Result "1-0"]
[WhiteTitle "CM"]
[BlackTitle "WFM"]
[WhiteElo "2132"]
[BlackElo "2159"]
[WhiteFideId "4904095"]
[BlackFideId "376183"]
[EventDate "2022.12.26"]

1. d4 Nf6 2. c4 c5 3. d5 e6 4. Nc3 exd5 5. cxd5 d6 6. e4 g6 7. g3 Bg7 8. Bg2 O-O
9. Nge2 Re8 10. O-O b5 11. e5 Rxe5 12. Bf4 Re8 13. Nxb5 Ba6 14. Nec3 Nh5 15.
Nxd6 Bxf1 16. Nxe8 Bxg2 17. Nc7 Nxf4 18. Nxa8 Bxc3 19. bxc3 Bxd5 20. gxf4 Na6
21. c4 Qxa8 22. Qxd5 Qc8 23. f5 Nb4 24. Qf3 Nc2 25. fxg6 hxg6 26. Rb1 Nd4 27.
Qe3 Qg4+ 28. Kf1 Qf5 29. Rb8+ Kg7 30. Re8 Qb1+ 31. Kg2 Nf5 32. Qe5+ f6 33. Qc7+
Kh6 34. Rh8+ Kg5 35. h4+ Kg4 36. f3# 1-0

[Event "World Rapid Women 2022"]
[Site "Almaty KAZ"]
[Date "2022.12.27"]
[Round "6.37"]
[White "Balakanova, Bakhyt"]
[Black "Enkhtuul, Altan-Ulzii"]
[Result "0-1"]
[WhiteTitle "WFM"]
[BlackTitle "WGM"]
[WhiteElo "2005"]
[BlackElo "2285"]
[WhiteFideId "13705881"]
[BlackFideId "4901444"]
[EventDate "2022.12.26"]

1. e4 Nf6 2. e5 Nd5 3. d4 d6 4. exd6 exd6 5. Nf3 Be7 6. Be2 Bg4 7. O-O O-O 8. h3
Bh5 9. c3 Nc6 10. a4 a5 11. Qb3 Nb6 12. Be3 d5 13. Na3 Bxa3 14. Qxa3 Nc4 15.
Bxc4 dxc4 16. Qc5 Bxf3 17. gxf3 Qd7 18. Kg2 Ne7 19. Qxc4 Nf5 20. d5 Rfe8 21.
Rae1 Re5 22. Bf4 Nh4+ 23. Kg3 Rh5 24. Rh1 Rc8 25. Qe4 h6 26. b3 Ng6 27. c4 Rh4
28. Qe3 Rxf4 29. h4 Qd6 30. c5 Qxd5 31. h5 Qg5+ 0-1

[Event "World Rapid Women 2022"]
[Site "Almaty KAZ"]
[Date "2022.12.27"]
[Round "6.38"]
[White "Frayna, Janelle Mae"]
[Black "Khamdamova, Afruza"]
[Result "0-1"]
[WhiteTitle "WGM"]
[BlackTitle "WFM"]
[WhiteElo "2265"]
[BlackElo "2139"]
[WhiteFideId "5212499"]
[BlackFideId "14210444"]
[EventDate "2022.12.26"]

1. e4 e5 2. Nf3 Nc6 3. Bc4 Nf6 4. d4 exd4 5. O-O Nxe4 6. Re1 d5 7. Bxd5 Qxd5 8.
Nc3 Qa5 9. Nxe4 Be6 10. Neg5 O-O-O 11. Nxe6 fxe6 12. Rxe6 Bd6 13. Bg5 Rdf8 14.
Bh4 Qb6 15. c3 dxc3 16. bxc3 Qc5 17. Bg3 Bxg3 18. hxg3 h5 19. Qe1 g5 20. Rg6 g4
21. Nd4 Nxd4 22. cxd4 Qxd4 23. Rd1 Qc5 24. Rc1 Qd4 25. Rd1 Qc5 26. Rc1 Qf5 27.
Rg7 Rf7 28. Rxf7 Qxf7 29. Qa5 Kb8 30. Rb1 b6 31. Qd2 Qf6 32. Rc1 Rd8 33. Qc2 Qe5
34. a4 a5 35. Rb1 Kb7 36. Qh7 Rd4 37. Qc2 Qd6 38. Re1 Rd2 39. Qf5 Rd1 40. Qe4+
Ka7 41. Rxd1 Qxd1+ 42. Kh2 Qd7 43. f3 c5 44. f4 Qc7 45. f5 h4 46. Qxg4 c4 47.
Kg1 hxg3 48. f6 c3 49. Qd1 c2 50. Qc1 Qc3 51. f7 Qd4+ 52. Kh1 Qd1+ 0-1

[Event "World Rapid Women 2022"]
[Site "Almaty KAZ"]
[Date "2022.12.27"]
[Round "6.39"]
[White "Eric, Jovana"]
[Black "Bauyrzhan, Arnash"]
[Result "1-0"]
[WhiteTitle "WGM"]
[WhiteElo "2236"]
[BlackElo "2041"]
[WhiteFideId "938238"]
[BlackFideId "13706322"]
[EventDate "2022.12.26"]

1. e4 c5 2. Nf3 e6 3. d4 cxd4 4. Nxd4 a6 5. Nc3 Qc7 6. Bd3 Nf6 7. O-O Nc6 8.
Nxc6 dxc6 9. f4 Bc5+ 10. Kh1 e5 11. f5 b5 12. Qf3 O-O 13. g4 Bb7 14. g5 Nd7 15.
f6 g6 16. Be3 Rfd8 17. h4 Bxe3 18. Qxe3 c5 19. Nd5 Bxd5 20. exd5 c4 21. Be4 Qc5
22. Qf3 Qd6 23. h5 Nc5 24. hxg6 hxg6 25. Rad1 Nxe4 26. Qxe4 Kf8 27. Rfe1 Rac8
28. Qxe5 Qxe5 29. Rxe5 c3 30. b3 Rc5 31. Kg2 Re8 32. Rh1 1-0